[Event "Katowice rapid op"]
[Site "Katowice"]
[Date "2025.05.31"]
[Round "9"]
[White "Gora, Maria"]
[Black "Mikosz, Piotr"]
[Result "1-0"]
[WhiteElo "1766"]
[BlackElo "1450"]
[PlyCount "119"]
[EventDate "2025.05.31"]
[EventType "swiss"]
[EventRounds "11"]
[EventCountry "POL"]
[SourceTitle "CB24_2025"]
[SourceDate "2025.06.11"]
[SourceVersion "1"]
[SourceVersionDate "2025.06.11"]
[SourceQuality "1"]

1. e4 c5 2. Nf3 g6 3. d4 cxd4 4. Nxd4 Nc6 5. Nc3 Bg7 6. Be3 e6 7. Be2 a6 8. Qd2 Nge7 9. f3 0-0 10. g4 d5 11. 0-0-0 Nxd4 12. Bxd4 e5 13. Bc5 d4 14. Nd5 Nxd5 15. Bxf8 Bxf8 16. exd5 Qxd5 17. Kb1 Be6 18. b3 Ba3 19. c3 b5 20. cxd4 Rd8 21. Qa5 Be7 22. dxe5 Qa8 23. Rxd8+ Bxd8 24. Qd2 Bxg4 25. Rd1 Bf5+ 26. Bd3 Qxf3 27. Bxf5 Qxf5+ 28. Qd3 Qxd3+ 29. Rxd3 Bg5 30. Rf3 b4 31. Kc2 a5 32. Kd3 Kf8 33. Kc4 Bd8 34. e6 f6 35. Kd5 Ke7 36. Rf2 g5 37. h3 h5 38. Rf5 h4 39. Rf2 Bc7 40. Rc2 Bd8 41. Rc6 g4 42. hxg4 h3 43. Rc2 Bb6 44. Rh2 Be3 45. Rxh3 Bg5 46. Rh7+ Ke8 47. e7 f5 48. gxf5 a4 49. bxa4 b3 50. axb3 Bxe7 51. Rxe7+ Kxe7 52. Ke5 Kd7 53. f6 Kc6 54. f7 Kc5 55. f8Q+ Kb6 56. Qd6+ Kb7 57. Kd5 Kc8 58. Qe7 Kb8 59. Kc6 Ka8 60. Qb7# 1-0

[Event "Katowice rapid op"]
[Site "Katowice"]
[Date "2025.05.31"]
[Round "7"]
[White "Gula, Grzegorz"]
[Black "Mikosz, Piotr"]
[Result "1-0"]
[WhiteElo "1818"]
[BlackElo "1450"]
[PlyCount "29"]
[EventDate "2025.05.31"]
[EventType "swiss"]
[EventRounds "11"]
[EventCountry "POL"]
[SourceTitle "CB24_2025"]
[SourceDate "2025.06.11"]
[SourceVersion "1"]
[SourceVersionDate "2025.06.11"]
[SourceQuality "1"]

1. e4 c5 2. Nf3 g6 3. Nc3 Bg7 4. d3 Nc6 5. Be3 b6 6. g3 Bb7 7. Bg2 e6 8. Qd2 Nge7 9. Bh6 0-0 10. Bxg7 Kxg7 11. h4 d5 12. h5 dxe4 13. hxg6 fxg6 14. Qh6+ Kg8 15. Qxh7# 1-0

[Event "Katowice rapid op"]
[Site "Katowice"]
[Date "2025.05.31"]
[Round "8"]
[White "Mikosz, Piotr"]
[Black "Iwulski, Krzysztof"]
[Result "1-0"]
[WhiteElo "1450"]
[BlackElo "1735"]
[PlyCount "69"]
[EventDate "2025.05.31"]
[EventType "swiss"]
[EventRounds "11"]
[EventCountry "POL"]
[SourceTitle "CB24_2025"]
[SourceDate "2025.06.11"]
[SourceVersion "1"]
[SourceVersionDate "2025.06.11"]
[SourceQuality "1"]

1. e4 e6 2. b3 d5 3. Bb2 dxe4 4. Nc3 Nf6 5. Qe2 Be7 6. Nxe4 Nxe4 7. Qxe4 Bf6 8. 0-0-0 Bxb2+ 9. Kxb2 Qf6+ 10. d4 a6 11. Kb1 Qg6 12. Bd3 Qxe4 13. Bxe4 c6 14. Nf3 f5 15. Bd3 Ke7 16. Rhe1 Re8 17. Bxf5 g6 18. Bd3 Nd7 19. Re2 c5 20. Rde1 Kf6 21. d5 Nf8 22. Bc4 b5 23. Bd3 Bb7 24. c4 b4 25. Nd2 Kf7 26. Ne4 Re7 27. dxe6+ Kg7 28. Nxc5 Bxg2 29. Be4 Bxe4+ 30. Rxe4 a5 31. Rd1 Rae8 32. Rd7 Nxd7 33. exd7 Rxe4 34. dxe8N+ Rxe8 35. Nb7 1-0